000 00892nam a22002777a 4500
003 CHAP
005 20220329133959.0
008 971013s1951 r 00010 d
010 _a13548
011 _a14520
035 _a18594
040 _cCHAP
082 _a630.973
_bC3
100 0 0 _aCastetter, Edward F.
_920051
245 _aYuman indian agriculture
_b: primitive subsistence on the lower Colorado and Gila revers
260 _a(Albuquerque) :
_bUniv. of New Mexico,
_c1951
300 _a274 p.
_b: mapas
590 _aBATCH-UPD
_b10
_c20130110
_lUCH01
_h0133
590 _aBATCH-UPD
_b10
_c20130110
_lUCH01
_h1030
590 _aCONVERSION
_b10
_c20130109
_lUCH01
_h1309
650 1 4 _aAgricultura
_xHistoria.
_91507
650 1 4 _aAgricultura
_xHistoria
_xE.U.A.
_91513
901 _aBK
942 _cLIBRO
949 _a630.973 C3
_bBC
_cLIBRO
_d33724000049946
_eLIBRO
_h16152
_i18594
_si
_t75.00
999 _c13548
_d13548